[Event "ROM-ch U20"]
[Site "Mamaia"]
[Date "2021.04.13"]
[Round "9"]
[White "Anghelus, Alin Gabriel"]
[Black "Ilonczai, Levente David"]
[Result "1/2-1/2"]
[WhiteElo "2230"]
[BlackElo "2044"]
[PlyCount "29"]
[EventDate "2021.04.07"]
[EventType "swiss"]
[EventRounds "9"]
[EventCountry "ROU"]
[SourceTitle "EXT 2022"]
[Source "ChessBase"]
[SourceDate "2021.10.06"]
[SourceVersion "1"]
[SourceVersionDate "2021.10.06"]
[SourceQuality "1"]

1. d4 Nf6 2. Bf4 d5 3. e3 e6 4. Nf3 c5 5. Nbd2 Nc6 6. c3 cxd4 7. exd4 Nh5 8. Be5 f6 9. Bg3 Bd6 10. c4 Nf4 11. cxd5 exd5 12. Bxf4 Bxf4 13. Be2 Qa5 14. 0-0 0-0 15. Nb3 1/2-1/2

[Event "ROM-ch U20"]
[Site "Mamaia"]
[Date "2021.04.12"]
[Round "8"]
[White "Chipaila, Cristian Florin"]
[Black "Anghelus, Alin Gabriel"]
[Result "0-1"]
[WhiteElo "1577"]
[BlackElo "2230"]
[PlyCount "90"]
[EventDate "2021.04.07"]
[EventType "swiss"]
[EventRounds "9"]
[EventCountry "ROU"]
[SourceTitle "EXT 2022"]
[Source "ChessBase"]
[SourceDate "2021.10.06"]
[SourceVersion "1"]
[SourceVersionDate "2021.10.06"]
[SourceQuality "1"]

1. d4 d5 2. Bf4 e6 3. e3 Nf6 4. Nf3 Bd6 5. Nc3 0-0 6. Bd3 Bxf4 7. exf4 b6 8. Ne5 Ba6 9. g4 c5 10. dxc5 bxc5 11. h4 Bxd3 12. Qxd3 Nbd7 13. 0-0-0 Nxe5 14. fxe5 Nxg4 15. Qg3 f5 16. Rdg1 Rf7 17. f3 Nh6 18. Qf4 Kh8 19. Rg3 Rb8 20. b3 Rb4 21. Qg5 Qc7 22. Rhg1 Ng8 23. f4 Rb8 24. Nd1 Nh6 25. Nf2 c4 26. Qh5 cxb3 27. axb3 Rc8 28. c3 Qb6 29. Nd1 Qxb3 30. Rxg7 Qa3+ 31. Kd2 Rxg7 32. Rxg7 Kxg7 33. Qg5+ Kf8 34. Qxh6+ Ke7 35. Qxh7+ Kd8 36. Qg6 Kd7 37. Qg3 Qe7 38. Ne3 Rh8 39. Qf3 Qxh4 40. c4 Qh2+ 41. Kd3 Rh3 42. Qd1 Qa2 43. Qg1 Qxc4+ 44. Kd2 Qd4+ 45. Ke2 Qxe3+ 0-1

[Event "ROM-ch U20"]
[Site "Mamaia"]
[Date "2021.04.11"]
[Round "7"]
[White "Anghelus, Alin Gabriel"]
[Black "Talu, Mircea"]
[Result "0-1"]
[WhiteElo "2230"]
[BlackElo "2386"]
[PlyCount "92"]
[EventDate "2021.04.07"]
[EventType "swiss"]
[EventRounds "9"]
[EventCountry "ROU"]
[SourceTitle "EXT 2022"]
[Source "ChessBase"]
[SourceDate "2021.10.06"]
[SourceVersion "1"]
[SourceVersionDate "2021.10.06"]
[SourceQuality "1"]

1. d4 Nf6 2. Bf4 c5 3. d5 b5 4. f3 g6 5. e4 Bg7 6. Nd2 a6 7. c3 Bb7 8. a4 0-0 9. axb5 axb5 10. Rxa8 Bxa8 11. Bxb5 Nh5 12. Be3 d6 13. Qa4 Bb7 14. Ne2 f5 15. 0-0 Qc8 16. b4 fxe4 17. fxe4 Rxf1+ 18. Nxf1 cxb4 19. cxb4 Nf6 20. Bd3 Nbd7 21. Qc2 Qb8 22. Bd4 Ng4 23. Bxg7 Kxg7 24. Qc3+ Nde5 25. Qd4 Qa8 26. h3 Nf6 27. Nc3 Qa1 28. Kf2 Nxd3+ 29. Qxd3 Qb2+ 30. Ne2 Qxb4 31. Nfg3 Kf7 32. Qd4 Qb5 33. Nf4 Bc8 34. Nge2 Qc5 35. Ke3 Qc2 36. Qd3 Qa2 37. Nd4 g5 38. Nfe2 Ba6 39. Nb5 Kg8 40. g4 Qb2 41. Nec3 Qg2 42. Kd4 Nd7 43. Qe3 h6 44. Kc4 Qb2 45. Qa7 Ne5+ 46. Kd4 Qd2# 0-1

[Event "Romania blitz online op final"]
[Site "Chess.com INT"]
[Date "2020.05.06"]
[Round "7"]
[White "Anghelus, Alin Gabriel"]
[Black "Filip, Andrei"]
[Result "1-0"]
[WhiteElo "2230"]
[BlackElo "2003"]
[PlyCount "91"]
[EventDate "2020.05.06"]
[EventType "swiss (blitz)"]
[EventRounds "9"]
[EventCountry "ROU"]
[SourceTitle "CBM 196 Extra"]
[Source "ChessBase"]
[SourceDate "2020.07.31"]
[SourceVersion "1"]
[SourceVersionDate "2020.07.31"]
[SourceQuality "1"]

1. d4 Nf6 2. Nf3 e6 3. Bf4 c5 4. e3 d5 5. Nbd2 Bd6 6. Bg3 Qc7 7. c3 Nbd7 8. Bd3 0-0 9. Qe2 e5 10. dxe5 Nxe5 11. Nxe5 Bxe5 12. Bxe5 Qxe5 13. Nf3 Qh5 14. Nd2 Bg4 15. f3 Bf5 16. 0-0 Rfe8 17. Rfe1 Qg5 18. Bxf5 Qxf5 19. Nb3 Rac8 20. Rad1 b6 21. Rd2 Re7 22. g4 Qg5 23. Qf2 Rce8 24. h4 Qe5 25. Nc1 h6 26. Nd3 Qc7 27. Nf4 Re5 28. Rd3 Qe7 29. Ng2 c4 30. Rd4 Nd7 31. f4 Re4 32. Rxd5 Nc5 33. Red1 Nd3 34. R5xd3 cxd3 35. Rxd3 Qe6 36. g5 hxg5 37. hxg5 Qxa2 38. Qd2 Qb1+ 39. Kf2 Qh1 40. Rd7 Qh2 41. Qd5 Qh5 42. Rd8 Qg6 43. f5 Qh5 44. g6 Rxd8 45. Qxd8+ Re8 46. Qxe8# 1-0

[Event "Romania blitz online op final"]
[Site "Chess.com INT"]
[Date "2020.05.06"]
[Round "6"]
[White "Cazan, Andrei"]
[Black "Anghelus, Alin Gabriel"]
[Result "1/2-1/2"]
[WhiteElo "1607"]
[BlackElo "2230"]
[PlyCount "84"]
[EventDate "2020.05.06"]
[EventType "swiss (blitz)"]
[EventRounds "9"]
[EventCountry "ROU"]
[SourceTitle "CBM 196 Extra"]
[Source "ChessBase"]
[SourceDate "2020.07.31"]
[SourceVersion "1"]
[SourceVersionDate "2020.07.31"]
[SourceQuality "1"]

1. d4 d5 2. Nf3 e6 3. g3 Nf6 4. Bg2 Bd6 5. 0-0 0-0 6. Nbd2 b5 7. Re1 c5 8. c3 Bb7 9. Ne5 Nbd7 10. f4 a5 11. e3 b4 12. Ndf3 Qc7 13. Bd2 Ba6 14. Bf1 Bxf1 15. Kxf1 Rfb8 16. Rb1 Ne4 17. Kg2 a4 18. Nxd7 Qxd7 19. Ne5 Bxe5 20. fxe5 a3 21. cxb4 cxb4 22. b3 h6 23. Rc1 Ra7 24. Rc2 Rc7 25. Rxc7 Qxc7 26. Re2 Qc6 27. Be1 Qb5 28. Rc2 g6 29. h4 h5 30. Qe2 Kg7 31. Qxb5 Rxb5 32. Kf3 Kf8 33. Ke2 Ke7 34. Kd3 Kd7 35. Rc1 Rb8 36. Rc2 f6 37. exf6 Nxf6 38. Rf2 Ke7 39. Bd2 Ne4 40. Rf3 Kd6 41. Be1 Ke7 42. Bd2 Kd6 1/2-1/2

[Event "Romania blitz online op final"]
[Site "Chess.com INT"]
[Date "2020.05.06"]
[Round "4"]
[White "Saioc, David"]
[Black "Anghelus, Alin Gabriel"]
[Result "0-1"]
[WhiteElo "1840"]
[BlackElo "2230"]
[PlyCount "60"]
[EventDate "2020.05.06"]
[EventType "swiss (blitz)"]
[EventRounds "9"]
[EventCountry "ROU"]
[SourceTitle "CBM 196 Extra"]
[Source "ChessBase"]
[SourceDate "2020.07.31"]
[SourceVersion "1"]
[SourceVersionDate "2020.07.31"]
[SourceQuality "1"]

1. c4 e6 2. Nc3 d5 3. d4 a6 4. cxd5 exd5 5. g3 c6 6. Bg2 Bd6 7. Nf3 Nf6 8. 0-0 0-0 9. Bg5 h6 10. Bc1 Bf5 11. Re1 Nbd7 12. Nh4 Bh7 13. Bh3 Re8 14. Nf5 Bf8 15. a4 a5 16. Qb3 Nb6 17. Ne3 Bb4 18. Bf5 Bxf5 19. Nxf5 Nc4 20. Ne3 Nd6 21. Qc2 Nfe4 22. f3 Nf6 23. Nf5 c5 24. Nxd6 Qxd6 25. dxc5 Qxc5+ 26. Kg2 d4 27. Bd2 Rac8 28. Rec1 dxc3 29. bxc3 Rxe2+ 30. Kh3 Qh5# 0-1

[Event "EU-ch U18"]
[Site "Bratislava"]
[Date "2019.08.07"]
[Round "6"]
[White "Anghelus, Alin Gabriel"]
[Black "Parkhov, Yair"]
[Result "1/2-1/2"]
[WhiteElo "2125"]
[BlackElo "2355"]
[PlyCount "92"]
[EventDate "2019.08.02"]
[EventType "swiss"]
[EventRounds "9"]
[EventCountry "SVK"]
[SourceTitle "CBM 191 Extra"]
[Source "ChessBase"]
[SourceDate "2019.09.30"]
[SourceVersion "1"]
[SourceVersionDate "2019.09.30"]
[SourceQuality "1"]

1. e4 c5 2. Nc3 Nc6 3. Bb5 Nd4 4. Nf3 e6 5. Nxd4 cxd4 6. Ne2 Qg5 7. Bd3 Qxg2 8. Ng3 Qh3 9. b3 Ne7 10. Bb2 Nc6 11. c3 d5 12. cxd4 Bd7 13. a3 Be7 14. Qe2 Qh4 15. b4 a6 16. f3 Rc8 17. Qf2 0-0 18. 0-0 f5 19. e5 Na7 20. Bc3 Bb5 21. Bxb5 Nxb5 22. Ne2 Qh6 23. a4 Nc7 24. f4 g5 25. Kh1 Kf7 26. Nc1 g4 27. Nd3 Rg8 28. Rg1 Rg6 29. Nc5 b6 30. Nd7 Rcg8 31. Rg3 Na8 32. b5 Rd8 33. Nf6 a5 34. Rc1 Rc8 35. Bb2 Rxc1+ 36. Bxc1 Bxf6 37. exf6 Rg8 38. Rc3 Qxf6 39. Ba3 h5 40. Bd6 h4 41. Kg2 Rd8 42. Be5 Qe7 43. Qe1 Rg8 44. Qc1 h3+ 45. Kg1 Qh4 46. Rg3 Qe7 1/2-1/2

[Event "EU-ch U18"]
[Site "Bratislava"]
[Date "2019.08.04"]
[Round "3"]
[White "Iliaguev, Nisim"]
[Black "Anghelus, Alin Gabriel"]
[Result "1/2-1/2"]
[WhiteElo "2324"]
[BlackElo "2125"]
[PlyCount "52"]
[EventDate "2019.08.02"]
[EventType "swiss"]
[EventRounds "9"]
[EventCountry "SVK"]
[SourceTitle "CBM 191 Extra"]
[Source "ChessBase"]
[SourceDate "2019.09.30"]
[SourceVersion "1"]
[SourceVersionDate "2019.09.30"]
[SourceQuality "1"]

1. c4 e6 2. g3 d5 3. Bg2 dxc4 4. Nf3 Nc6 5. Qa4 Bd7 6. Qxc4 Nf6 7. 0-0 a6 8. d4 Nb4 9. Nc3 b5 10. Qb3 c5 11. a3 Nc6 12. dxc5 Bxc5 13. Bg5 Be7 14. Rad1 0-0 15. Rd3 Qc7 16. Rc1 Na5 17. Qd1 Bc6 18. e4 Nc4 19. Qe2 h6 20. Bf4 Qb7 21. Nd4 e5 22. Nxc6 Qxc6 23. Bd2 Nxd2 24. Qxd2 Rac8 25. Rd1 Bc5 26. h3 Bd4 1/2-1/2

[Event "ROM-ch U18"]
[Site "Calimanesti Caciulata"]
[Date "2019.04.21"]
[Round "8"]
[White "Stoleriu, George"]
[Black "Anghelus, Alin Gabriel"]
[Result "1-0"]
[WhiteElo "2368"]
[BlackElo "2170"]
[PlyCount "85"]
[EventDate "2019.04.15"]
[EventType "swiss"]
[EventRounds "9"]
[EventCountry "ROU"]
[SourceTitle "CBM 190 Extra"]
[Source "ChessBase"]
[SourceDate "2019.07.15"]
[SourceVersion "1"]
[SourceVersionDate "2019.07.15"]
[SourceQuality "1"]

1. e4 c5 2. b3 Nc6 3. Bb2 e5 4. Nf3 d6 5. Bc4 g6 6. 0-0 Bg7 7. Na3 a6 8. c3 Nge7 9. Nc2 0-0 10. d4 Bg4 11. dxc5 dxc5 12. Qxd8 Raxd8 13. Ba3 Bxf3 14. gxf3 b5 15. Be2 Rd2 16. Bd1 Rd3 17. Ne1 Rd7 18. Bxc5 Rfd8 19. Bc2 Bh6 20. Bb6 Rc8 21. Nd3 f6 22. Rad1 Rb7 23. Bc5 Nd8 24. b4 Kg7 25. Bb3 Nf7 26. Kg2 Bf4 27. a4 g5 28. axb5 axb5 29. Bxe7 Rxe7 30. Bxf7 Kxf7 31. Nc5 Ra7 32. Rd6 Ra3 33. Rd7+ Kg6 34. Rfd1 Rxc3 35. Rb7 R3xc5 36. bxc5 Rxc5 37. Rdd7 h6 38. Rg7+ Kh5 39. Rb6 b4 40. Rxf6 b3 41. Rgg6 g4 42. fxg4+ Kh4 43. Rf5 1-0

[Event "ROM-ch U18"]
[Site "Calimanesti Caciulata"]
[Date "2019.04.16"]
[Round "2"]
[White "David, Cristian"]
[Black "Anghelus, Alin Gabriel"]
[Result "1/2-1/2"]
[WhiteElo "1926"]
[BlackElo "2170"]
[PlyCount "81"]
[EventDate "2019.04.15"]
[EventType "swiss"]
[EventRounds "9"]
[EventCountry "ROU"]
[SourceTitle "CBM 190 Extra"]
[Source "ChessBase"]
[SourceDate "2019.07.15"]
[SourceVersion "1"]
[SourceVersionDate "2019.07.15"]
[SourceQuality "1"]

1. d4 d5 2. c4 e6 3. Nc3 a6 4. cxd5 exd5 5. g3 c6 6. Bg2 Nf6 7. Nh3 Bd6 8. 0-0 0-0 9. Qd3 Nbd7 10. Bf4 Nb6 11. Bxd6 Qxd6 12. Nf4 g6 13. f3 Rd8 14. Rad1 Nc4 15. Na4 Qb4 16. b3 Nd6 17. Qd2 Qxd2 18. Rxd2 h5 19. e3 Bf5 20. h4 Re8 21. Kf2 Re7 22. Re1 Rae8 23. Nc5 Nd7 24. Nxd7 Rxd7 25. Bh3 Bxh3 26. Nxh3 Rde7 27. Nf4 Kg7 28. Rde2 f6 29. Rc2 Nf5 30. Rce2 Kh6 31. Nd3 Nd6 32. Rh1 Nb5 33. Rhe1 Kg7 34. Nf4 Nc3 35. Rd2 Nb5 36. Rde2 Kf7 37. a4 Nd6 38. Rc1 Kg7 39. Rce1 Nf5 40. Nd3 Kh7 41. Nf4 1/2-1/2

[Event "ROM-ch U18"]
[Site "Calimanesti Caciulata"]
[Date "2019.04.15"]
[Round "1"]
[White "Anghelus, Alin Gabriel"]
[Black "Muntianu, Razvan Gavril"]
[Result "1/2-1/2"]
[WhiteElo "2170"]
[BlackElo "1777"]
[PlyCount "99"]
[EventDate "2019.04.15"]
[EventType "swiss"]
[EventRounds "9"]
[EventCountry "ROU"]
[SourceTitle "CBM 190 Extra"]
[Source "ChessBase"]
[SourceDate "2019.07.15"]
[SourceVersion "1"]
[SourceVersionDate "2019.07.15"]
[SourceQuality "1"]

1. d4 Nf6 2. Nc3 g6 3. e4 d6 4. Be3 Bg7 5. Qd2 Ng4 6. Bg5 0-0 7. f3 Nf6 8. 0-0-0 c6 9. Bh6 Nbd7 10. h4 e5 11. Nge2 Qe7 12. Bxg7 Kxg7 13. dxe5 dxe5 14. h5 Nc5 15. Ng3 Ne6 16. hxg6 fxg6 17. Qh6+ Kf7 18. Bc4 Ke8 19. Bxe6 Bxe6 20. Qg5 Bg8 21. Qe3 b6 22. Qe2 Nd7 23. Nf1 Nc5 24. Ne3 b5 25. a3 a5 26. Nb1 Ne6 27. Kd2 Nf4 28. Qf2 Qc5 29. Ke1 Qxe3+ 30. Qxe3 Nxg2+ 31. Kf2 Nxe3 32. Kxe3 Ke7 33. Nc3 Rf6 34. Ne2 Raf8 35. Rh3 h5 36. Rdh1 Bc4 37. Nc1 Rh8 38. b3 Be6 39. Rg3 h4 40. Rg5 Rhf8 41. Rxh4 Rxf3+ 42. Kd2 Kf6 43. Rg1 Rf4 44. Rh6 Bg4 45. Nd3 Rxe4 46. Rf1+ Kg7 47. Rxg6+ Kxg6 48. Rxf8 Re2+ 49. Kc3 Bf5 50. Ra8 1/2-1/2

[Event "ROM-chT U16"]
[Site "Iasi"]
[Date "2018.07.15"]
[Round "3.1"]
[White "Anghelus, Alin Gabriel"]
[Black "Isfan, Ioan Marius"]
[Result "0-1"]
[WhiteElo "2112"]
[BlackElo "2054"]
[PlyCount "78"]
[EventDate "2018.07.13"]
[EventType "team-swiss"]
[EventRounds "7"]
[EventCountry "ROU"]
[SourceTitle "EXT 2019"]
[Source "ChessBase"]
[SourceDate "2018.10.10"]
[SourceVersion "1"]
[SourceVersionDate "2018.10.10"]
[SourceQuality "1"]
[WhiteTeam "Galati CC"]
[BlackTeam "Buzau Gloria"]
[WhiteTeamCountry "ROU"]
[BlackTeamCountry "ROU"]

1. d4 c5 2. d5 Nf6 3. Nf3 b5 4. Bg5 Qb6 5. Bxf6 Qxf6 6. c3 Qb6 7. e4 g6 8. Nbd2 Ba6 9. Qc2 Bg7 10. a4 b4 11. a5 Qb7 12. Bc4 0-0 13. 0-0 d6 14. Qd3 Bxc4 15. Nxc4 Na6 16. Rfe1 Rfd8 17. Rad1 Nc7 18. cxb4 Qxb4 19. e5 dxe5 20. Nfxe5 Rxd5 21. Qf3 Rf8 22. Rc1 Qb5 23. Re3 e6 24. Rb3 Qa4 25. Ra3 Qb4 26. Rb3 Qa4 27. Ra3 Qe8 28. Re3 Nb5 29. Ng4 Qd8 30. Rf1 Nd4 31. Qf4 Nf5 32. Re4 Rd1 33. Nge3 Nxe3 34. fxe3 Rxf1+ 35. Qxf1 Qb8 36. Qf2 Rd8 37. g3 Rd1+ 38. Kg2 Qb7 39. Qf3 f5 0-1

[Event "ROM-ch U16"]
[Site "Calimanesti"]
[Date "2018.03.29"]
[Round "3"]
[White "Ignat, Matei Marius"]
[Black "Anghelus, Alin Gabriel"]
[Result "0-1"]
[WhiteElo "1582"]
[BlackElo "2083"]
[PlyCount "134"]
[EventDate "2018.03.27"]
[EventType "swiss"]
[EventRounds "9"]
[EventCountry "ROU"]
[SourceTitle "CBM 183 Extra"]
[Source "ChessBase"]
[SourceDate "2018.04.19"]
[SourceVersion "1"]
[SourceVersionDate "2018.04.19"]
[SourceQuality "1"]

1. e4 c5 2. c3 d5 3. exd5 Qxd5 4. d4 Nc6 5. dxc5 Qxc5 6. Na3 Bf5 7. Nb5 Qe5+ 8. Be3 Rd8 9. Qb3 Nf6 10. Nf3 Qb8 11. Bc4 e6 12. Nbd4 Be4 13. Nxc6 bxc6 14. Qxb8 Rxb8 15. 0-0-0 Bxf3 16. gxf3 a5 17. Rhe1 Be7 18. Bd4 0-0 19. Bxf6 Bxf6 20. Rd7 Rfd8 21. Red1 Kf8 22. Kc2 Ke8 23. Rxd8+ Bxd8 24. Bb3 Ke7 25. Ba4 Rb6 26. a3 Bc7 27. h3 Ra6 28. Rd4 Bd6 29. f4 g6 30. Kd3 c5 31. Rc4 f5 32. Bd1 h6 33. Ra4 Bc7 34. Ke3 Rd6 35. Be2 Bb6 36. Kf3 g5 37. b4 cxb4 38. axb4 axb4 39. Rxb4 Kf6 40. Kg2 Ba5 41. fxg5+ hxg5 42. Rc4 Rd2 43. Kf1 Rc2 44. Rc6 Bxc3 45. Bc4 Bd4 46. Rxe6+ Kf7 47. Rc6+ Ke7 48. Bd5 Rxf2+ 49. Ke1 Rh2 50. Rg6 Bf6 51. Rh6 g4 52. Kf1 g3 53. Bg2 f4 54. Rh5 f3 55. Bxf3 Rf2+ 56. Kg1 Rxf3 57. Kg2 Ra3 58. Rc5 Ke6 59. Rc2 Kf5 60. Re2 Kf4 61. Rc2 Bd4 62. h4 Kg4 63. Re2 Be3 64. Rc2 Bf4 65. Re2 Kxh4 66. Re4 Ra2+ 67. Kg1 Kg4 0-1

[Event "ROM-ch U16"]
[Site "Calimanesti"]
[Date "2018.03.29"]
[Round "4"]
[White "Iustin, Silviu"]
[Black "Anghelus, Alin Gabriel"]
[Result "1/2-1/2"]
[WhiteElo "2006"]
[BlackElo "2083"]
[PlyCount "109"]
[EventDate "2018.03.27"]
[EventType "swiss"]
[EventRounds "9"]
[EventCountry "ROU"]
[SourceTitle "CBM 183 Extra"]
[Source "ChessBase"]
[SourceDate "2018.04.19"]
[SourceVersion "1"]
[SourceVersionDate "2018.04.19"]
[SourceQuality "1"]

1. e4 c5 2. Nf3 e6 3. d4 cxd4 4. Nxd4 a6 5. Nc3 Qc7 6. Qd3 Nf6 7. Qg3 Qxg3 8. hxg3 Bb4 9. Bd3 Bxc3+ 10. bxc3 d6 11. a4 e5 12. Nf3 Nc6 13. c4 Be6 14. Rb1 0-0-0 15. Be3 Nd7 16. Nd2 Nc5 17. Bxc5 dxc5 18. Nb3 b6 19. Ke2 Kc7 20. c3 Rd6 21. Ke3 Rhd8 22. Be2 h6 23. Ra1 Na5 24. Nxa5 bxa5 25. Rhb1 Rd2 26. Ra3 f6 27. Rab3 Rxe2+ 28. Kxe2 Bxc4+ 29. Ke1 Bxb3 30. Rxb3 Rd3 31. Ke2 c4 32. Ra3 Rd8 33. Ra2 Rb8 34. Ke1 Kc6 35. Kd1 Rb1+ 36. Ke2 Rc1 37. Kd2 Rg1 38. Ke2 h5 39. Ke3 Rxg2 40. Ra1 Rh2 41. Rd1 h4 42. gxh4 Rxh4 43. Rd8 Rh3+ 44. f3 Rh2 45. Rc8+ Kb7 46. Rxc4 Ra2 47. f4 Kb6 48. fxe5 fxe5 49. Kf3 Ra1 50. Kg4 Rf1 51. Kg5 Rf4 52. Kg6 Kb7 53. Kxg7 Kb6 54. Kg6 Kb7 55. Kg7 1/2-1/2

[Event "ROM-ch U16"]
[Site "Calimanesti"]
[Date "2018.03.28"]
[Round "2"]
[White "Anghelus, Alin Gabriel"]
[Black "Dobrin, Ionut Alexandru"]
[Result "0-1"]
[WhiteElo "2083"]
[BlackElo "1884"]
[PlyCount "102"]
[EventDate "2018.03.27"]
[EventType "swiss"]
[EventRounds "9"]
[EventCountry "ROU"]
[SourceTitle "CBM 183 Extra"]
[Source "ChessBase"]
[SourceDate "2018.04.19"]
[SourceVersion "1"]
[SourceVersionDate "2018.04.19"]
[SourceQuality "1"]

1. d4 d5 2. Nc3 Nf6 3. Bg5 Nbd7 4. f3 c6 5. e4 dxe4 6. fxe4 e5 7. dxe5 Nxe5 8. Qxd8+ Kxd8 9. Nf3 Bd6 10. Bxf6+ gxf6 11. 0-0-0 Kc7 12. Nxe5 Bxe5 13. Bc4 Be6 14. Bb3 Rag8 15. g3 h5 16. Ne2 h4 17. Bxe6 fxe6 18. Nf4 Bxf4+ 19. gxf4 Rg2 20. Rd2 h3 21. Rxg2 hxg2 22. Rg1 Rxh2 23. Kd2 Kb6 24. Ke3 Kc5 25. Kf3 Rh3+ 26. Kxg2 Re3 27. Kf2 Rxe4 28. Kf3 Rb4 29. b3 Kd4 30. c4 a5 31. Re1 a4 32. Re3 axb3 33. axb3 e5 34. fxe5 fxe5 35. Ke2 e4 36. Rh3 c5 37. Kd2 Rb6 38. Ke2 Rf6 39. Rh7 b6 40. Re7 Kc3 41. Rxe4 Kxb3 42. Kd2 Rd6+ 43. Ke2 Kc3 44. Ke1 Kb4 45. Ke2 Rd4 46. Re6 Ka5 47. Ke3 Rxc4 48. Kd3 Ra4 49. Kc3 b5 50. Re8 Ra3+ 51. Kb2 Kb4 0-1

[Event "ROM-ch U16"]
[Site "Calimanesti"]
[Date "2018.03.27"]
[Round "1"]
[White "Gheorghiu, Alexandru Dan"]
[Black "Anghelus, Alin Gabriel"]
[Result "0-1"]
[WhiteElo "1779"]
[BlackElo "2083"]
[PlyCount "102"]
[EventDate "2018.03.27"]
[EventType "swiss"]
[EventRounds "9"]
[EventCountry "ROU"]
[SourceTitle "CBM 183 Extra"]
[Source "ChessBase"]
[SourceDate "2018.04.19"]
[SourceVersion "1"]
[SourceVersionDate "2018.04.19"]
[SourceQuality "1"]

1. e4 c5 2. c3 d5 3. exd5 Qxd5 4. d4 Nc6 5. Nf3 Bf5 6. Na3 cxd4 7. Bc4 Qe4+ 8. Be3 e6 9. cxd4 Bb4+ 10. Ke2 Nge7 11. Nb5 0-0 12. a3 Ba5 13. Nc3 Bxc3 14. bxc3 Nd5 15. Rc1 Bg4 16. Qc2 Nf4+ 17. Kf1 Bxf3 18. Qxe4 Bxe4 19. Bxf4 Na5 20. Be2 Nb3 21. Re1 Rac8 22. c4 Nxd4 23. f3 Bc2 24. Bd6 Rfd8 25. c5 Nf5 26. Rc1 Ba4 27. Kf2 Nxd6 28. cxd6 Rxc1 29. Rxc1 Kf8 30. Rc4 Bc6 31. Rd4 Bd5 32. Bc4 Rxd6 33. Bxd5 Rxd5 34. Rb4 b6 35. Rc4 Ra5 36. Rc7 Rxa3 37. Rb7 Ra2+ 38. Kg3 Ra5 39. h4 b5 40. Kh3 a6 41. g4 h6 42. f4 Ra4 43. Kg3 b4 44. g5 h5 45. Rb8+ Ke7 46. Rb7+ Kd6 47. Rxf7 Ra5 48. Rxg7 b3 49. Rg8 b2 50. Rd8+ Ke7 51. Rd1 Ra1 0-1

[Event "Miercurea Ciuc Bancpost op 20th"]
[Site "Miercurea Ciuc"]
[Date "2017.08.24"]
[Round "8"]
[White "Balla, Tamas Kristof"]
[Black "Anghelus, Alin Gabriel"]
[Result "0-1"]
[WhiteElo "2371"]
[BlackElo "1948"]
[PlyCount "136"]
[EventDate "2017.08.17"]
[EventType "swiss"]
[EventRounds "9"]
[EventCountry "ROU"]
[SourceTitle "EXT 2020"]
[Source "ChessBase"]
[SourceDate "2019.10.17"]
[SourceVersion "1"]
[SourceVersionDate "2019.10.17"]
[SourceQuality "1"]

1. d4 d5 2. c4 e6 3. Nc3 c6 4. e4 dxe4 5. Nxe4 Bb4+ 6. Nc3 Nf6 7. a3 Bxc3+ 8. bxc3 c5 9. Nf3 Nc6 10. Be3 0-0 11. h3 Qa5 12. Qc2 cxd4 13. Nxd4 Nxd4 14. Bxd4 e5 15. Be3 Bf5 16. Qb3 Rfd8 17. Qb4 Qc7 18. Be2 Bd3 19. Bxd3 Rxd3 20. Ke2 Qd7 21. Rhd1 Rd8 22. Qb1 Rxd1 23. Qxd1 Qxd1+ 24. Rxd1 Rxd1 25. Kxd1 a6 26. Kc2 Kf8 27. Kb3 Ke7 28. Kb4 Kd6 29. Bc5+ Kc6 30. Bf8 g6 31. Kb3 Nd7 32. Be7 f5 33. Kc2 Nb8 34. f3 Kd7 35. Bf8 Nc6 36. Kd3 Ke6 37. Bc5 Ne7 38. Ke3 Ng8 39. Bf8 Nf6 40. Bc5 Nh5 41. h4 Nf4 42. g3 Nh5 43. Kf2 Nf6 44. Ke2 e4 45. f4 Nd7 46. Bd4 Kd6 47. Ke3 Kc6 48. h5 gxh5 49. Kf2 Nb6 50. c5 Nd7 51. Kg2 Nf8 52. c4 Ng6 53. Be3 h4 54. Kh3 h5 55. gxh4 Nf8 56. Kg3 Ne6 57. Kf2 Nxc5 58. Ke2 Ne6 59. Kd2 Nc5 60. Kc3 Nd3 61. Kd4 Kd6 62. Bd2 b5 63. cxb5 axb5 64. Be3 Ne1 65. Kc3 Ng2 66. Ba7 Nxh4 67. Bb8+ Kc6 68. Kd4 Nf3+ 0-1

[Event "Miercurea Ciuc Bancpost op 20th"]
[Site "Miercurea Ciuc"]
[Date "2017.08.19"]
[Round "3"]
[White "Trifan, Andrei Ioan"]
[Black "Anghelus, Alin Gabriel"]
[Result "1-0"]
[WhiteElo "2142"]
[BlackElo "1948"]
[PlyCount "69"]
[EventDate "2017.08.17"]
[EventType "swiss"]
[EventRounds "9"]
[EventCountry "ROU"]
[SourceTitle "EXT 2020"]
[Source "ChessBase"]
[SourceDate "2019.10.17"]
[SourceVersion "1"]
[SourceVersionDate "2019.10.17"]
[SourceQuality "1"]

1. e4 c5 2. Nf3 e6 3. c4 a6 4. Nc3 d6 5. d4 cxd4 6. Nxd4 Qc7 7. Be3 Nf6 8. Be2 b6 9. 0-0 Bb7 10. f3 Be7 11. Rc1 Nbd7 12. Qd2 0-0 13. Rfd1 Rfe8 14. Bf1 Rac8 15. Qf2 Qb8 16. Kh1 Bd8 17. Qg1 Bc7 18. b4 h5 19. Nb3 Bc6 20. a3 Ne5 21. Rb1 Ba8 22. Rdc1 Nfd7 23. c5 b5 24. cxd6 Bb6 25. Bxb6 Nxb6 26. Nc5 Qxd6 27. Nxa6 Nbc4 28. Nc5 Bc6 29. a4 bxa4 30. f4 Ng4 31. Bxc4 Qxf4 32. Rf1 Qg5 33. Nb5 Ne3 34. Nd6 Nxc4 35. Nxc4 1-0

[Event "ROM-ch U14"]
[Site "Calimanesti Caciulata"]
[Date "2016.04.24"]
[Round "8"]
[White "Berechet, Stefan Mario"]
[Black "Anghelus, Alin Gabriel"]
[Result "1/2-1/2"]
[WhiteElo "1586"]
[BlackElo "1858"]
[PlyCount "81"]
[EventDate "2016.04.18"]
[EventType "swiss"]
[EventRounds "9"]
[EventCountry "ROU"]
[SourceTitle "CBM 172 Extra"]
[Source "ChessBase"]
[SourceDate "2016.06.21"]
[SourceVersion "1"]
[SourceVersionDate "2016.06.21"]
[SourceQuality "1"]

1. c4 f5 2. Nc3 e6 3. g3 Nf6 4. Bg2 d5 5. cxd5 exd5 6. Qb3 c6 7. d4 Bd6 8. Nf3 Qe7 9. Bg5 0-0 10. Bxf6 Qxf6 11. 0-0 Kh8 12. e3 Nd7 13. Ne2 Qe7 14. Qd3 Nf6 15. Nd2 Ne4 16. a3 Bd7 17. Rae1 Rae8 18. Nc3 Rf6 19. f4 Nxd2 20. Qxd2 Re6 21. Kf2 g6 22. Re2 Kg7 23. Rb1 h6 24. Rbe1 g5 25. Bf3 g4 26. Bg2 h5 27. Rh1 h4 28. Ree1 Rh6 29. Nd1 Reh8 30. Qc3 Kg6 31. Ke2 Qd8 32. Nf2 R8h7 33. Qd3 a6 34. Nxg4 c5 35. Kf2 hxg3+ 36. hxg3 Rxh1 37. Rxh1 Rxh1 38. Bxh1 Qb6 39. Bxd5 Qxb2+ 40. Kf3 Bb5 41. Bc4 1/2-1/2

[Event "ROM-ch U14"]
[Site "Calimanesti Caciulata"]
[Date "2016.04.22"]
[Round "6"]
[White "Voinescu, David Ioan"]
[Black "Anghelus, Alin Gabriel"]
[Result "1-0"]
[WhiteElo "1786"]
[BlackElo "1858"]
[PlyCount "79"]
[EventDate "2016.04.18"]
[EventType "swiss"]
[EventRounds "9"]
[EventCountry "ROU"]
[SourceTitle "CBM 172 Extra"]
[Source "ChessBase"]
[SourceDate "2016.06.21"]
[SourceVersion "1"]
[SourceVersionDate "2016.06.21"]
[SourceQuality "1"]

1. e4 c5 2. Nf3 e6 3. d3 Nc6 4. g3 g6 5. Bg5 f6 6. Be3 b6 7. Bg2 Bb7 8. 0-0 Nge7 9. Nbd2 Bg7 10. Re1 0-0 11. c3 d5 12. exd5 exd5 13. d4 Nf5 14. Nf1 Nxe3 15. Nxe3 c4 16. h4 Qd7 17. Nh2 Ne7 18. h5 Rae8 19. hxg6 hxg6 20. Qf3 Bc6 21. Qf4 a5 22. Qh4 Nf5 23. Nxf5 Qxf5 24. Ng4 Qg5 25. Qxg5 fxg5 26. Rxe8 Rxe8 27. Ne3 Kf8 28. Kf1 b5 29. Bxd5 Bxd5 30. Nxd5 b4 31. Rc1 bxc3 32. bxc3 Rb8 33. Rc2 Rb7 34. Ne3 Rc7 35. Rb2 Kf7 36. Rb5 Ra7 37. a4 Bf6 38. Ke2 Ke6 39. Nxc4 Rc7 40. Kd3 1-0